| 000 | 00608nam a22002177a 4500 | ||
|---|---|---|---|
| 003 | OSt | ||
| 005 | 20161129143131.0 | ||
| 008 | 161129b xxu||||| |||| 00| 0 eng d | ||
| 020 | _a1412903378 | ||
| 040 | _cDDC | ||
| 082 | _aWM100 H124m 2005 | ||
| 100 |
_aMarks, David F. [et...al] _911317 |
||
| 245 | _aHealth Psychology Theory, research & practice | ||
| 250 | _a2nd ed. | ||
| 260 | _aLondon; Sage publications, 2005 | ||
| 300 | _axii,485p; ill: 24.5cm | ||
| 504 | _aGlossary, bibliography, & index included | ||
| 650 |
_aHealth psychology _98882 |
||
| 650 |
_aPsychiatry _9351 |
||
| 942 |
_2z _cO_SHELF |
||
| 999 |
_c5412 _d5412 |
||